The new dialectic: conversational contexts of argument
Uloženo v:
| Hlavní autor: | |
|---|---|
| Médium: | Kniha |
| Jazyk: | angličtina |
| Vydáno: |
Toronto
University of Toronto
1998
|
| Edice: | Toronto Studies in Philosophy
|
| Témata: | |
| Tagy: |
Přidat tag
Žádné tagy, Buďte první, kdo vytvoří štítek k tomuto záznamu!
|
MARC
| LEADER | 00000nam a2200000 a 4500 | ||
|---|---|---|---|
| 001 | UCK4100 | ||
| 003 | CL-VaPUC | ||
| 008 | 050520e19980000CN |||||||||||||||||eng|d | ||
| 020 | |a 0802079873 | ||
| 082 | 0 | 4 | |a 168 |b WAL |2 21 |
| 100 | 0 | |a Walton, Douglas N |e author |9 492481 | |
| 245 | 1 | 4 | |a The new dialectic: conversational contexts of argument |
| 300 | |a 304 p | ||
| 942 | |c BK | ||
| 945 | |d 20050520 00:00:00 |a cmena | ||
| 260 | |a Toronto |b University of Toronto |c 1998 | ||
| 650 | 0 | |a Dialéctica |9 257902 | |
| 650 | 0 | |a Razonamiento |9 256520 | |
| 650 | 0 | |a Lógica |9 256849 | |
| 650 | 7 | |a TEORIA LINGUISTICA |2 CL-VaPUC |9 334835 | |
| 650 | 7 | |a PERSUASION |2 CL-VaPUC |9 333321 | |
| 583 | |a last modification |c 20050520 00:00:00 |k Rodrigo Vera | ||
| 490 | 0 | |a Toronto Studies in Philosophy | |
| 999 | |c 313060 |d 313058 | ||
| 952 | |0 0 |1 0 |4 0 |6 168_000000000000000_WAL_1998 |7 0 |8 A |9 384121 |a FDOPOS |b FDOPOS |d 2019-11-22 |i 4131029 |o 168 WAL 1998 |p 4131029 |r 2025-01-22 |w 2019-11-22 |y BK |k MLA | ||